Biodiversidad y Sistemas de Producción en la Zona Cafetera del Departamento del Quindio : (Registro nro. 8321)

Detalles MARC
000 -CABECERA
Campo de control 01265nam a22003017a 4500
005 - FECHA Y HORA DE LA ULTIMA TRANSACCION
Campo de control 20150214102103.0
008 - ELEMENTOS DE LONGITUD FIJA—INFORMACION GENERAL
Campo de control 140327b2000 ck ||||| |||| 00| 0 spa d
041 ## - IDIOMA
Código de idioma para texto/pista de sonido o título separado Español
044 ## - PAÍS DE PUBLICACIÓN
País de publicación Colombia
090 ## - CLASIFICACIÓN LOCAL
Colección IAVH
Consecutivo 01594
100 1# - ASIENTO PRINCIPAL--NOMBRE PERSONAL
Nombre personal Amaya, Juan David
245 10 - MENCION DE TITULO
Título Biodiversidad y Sistemas de Producción en la Zona Cafetera del Departamento del Quindio :
Parte restante del título Informe de Resultados
Mención de responsabilidad Juan David Amaya ...[et al]
260 ## - PUBLICACION, DISTRIBUCION, ETC. (PIE DE IMPRENTA)
Lugar de publicación, distribución, etc. Bogotá
Nombre del editor, distribuidor, etc. Instituto de Investigacion de Recursos Biológicos Alexander von Humboldt
Fecha de publicación, distribución, etc. 2000
300 ## - DESCRIPCION FISICA
Extensión 144 p.
Otros detalles físicos il., tablas
Dimensiones 28 cm.
500 ## - NOTA GENERAL
Nota general Informe Técnico
500 ## - NOTA GENERAL
Nota general Incluye matriz de datos en pdf sobre biodiversidad y sistemas producción agraria
504 ## - NOTA DE BIBLIOGRAFIA, ETC.
Nota de bibliografía Incluye referencias bibliográficas (pag 142 - 144)
650 #4 - ASIENTO SECUNDARIO DE MATERIA - TERMINO TEMATICO
Término temático o nombre geográfico como elemento de entrada Biodiversidad
Subdivisión geográfica Quindio (Departamentom Colombia)
650 #4 - ASIENTO SECUNDARIO DE MATERIA - TERMINO TEMATICO
Término temático o nombre geográfico como elemento de entrada Sistemas de Producción
Subdivisión geográfica Quindio (Departamentom Colombia)
651 ## - ASIENTO SECUNDARIO DE MATERIA - NOMBRE GEOGRAFICO
Nombre geográfico Quindio (Departamento, Colombia)
Subdivisión geográfica Zona Cafetera (Colombia)
700 1# - ASIENTO SECUNDARIO - NOMBRE PERSONAL
Nombre personal Florez, Camilo
700 1# - ASIENTO SECUNDARIO - NOMBRE PERSONAL
Nombre personal Numa, Catherine
700 1# - ASIENTO SECUNDARIO - NOMBRE PERSONAL
Nombre personal Rios, Clara
700 1# - ASIENTO SECUNDARIO - NOMBRE PERSONAL
Nombre personal Romero, Luz Piedad
700 1# - ASIENTO SECUNDARIO - NOMBRE PERSONAL
Nombre personal Villarreal, Hector
700 1# - ASIENTO SECUNDARIO - NOMBRE PERSONAL
Nombre personal Baptiste-Ballera, Luis Guillermo
Término de relación coord.
942 ## - ELEMENTOS ADICIONALES (KOHA)
Sistema de clasificación Local
Tipo de ítem CD-ROM
Existencias
Withdrawn status Lost status Sistema de Clasificación Damaged status No para préstamo Colección Ubicación Permanente Ubicación actual Fecha de adquisición Total Checkouts Número topográfico Inventario / Código de Barras Date last seen Ejemplar Price effective from Forma de adquisición Tipo de material Public note
    Local     Audiovisual Bogotá Bogotá 27/03/2014   IAVH-01594 035046 27/03/2014 Ej. 1 + anexo 27/03/2014   Informe Técnico Solo para consulta en sala